Statistics for US State Names with Spanish Origins

Click here to take the quiz!

General Stats

  • This quiz has been taken 55 times
  • The average score is 4 of 5

Answer Stats

MeaningState% Correct
"flowery",Florida
96%
"mountainous"Montana
92%
Derived from a Spanish novel written about a fictitious island ruled by "Queen Calafia"California
90%
"snowy" (feminine), named for a mountain range in SpainNevada
88%
"red colored" (masculine)Colorado
80%

Score Distribution

Percentile by Number Answered

Percent of People with Each Score

Your Score History

You have not taken this quiz